000 02599cam a22003854a 4500
001 6958578
003 ARRUPE
005 20160229140121.0
008 080627s2008 tnua b 010 0 eng
010 _a 2008028763
020 _a9780687647392 (binding: pbk. with layflat binding : alk. paper)
020 _a0687647398 (binding: pbk. with layflat binding : alk. paper)
024 _a40016139150
035 _a(OCoLC)ocn229432627
035 _a(OCoLC)229432627
035 _a(NNC)6958578
040 _aDLC
_cDLC
_dYDXCP
_dBTCTA
_dBAKER
_dC#P
_dOrLoB-B
050 0 0 _aBS2393
_b.B48 2008
082 0 0 _a225.6
_222
245 0 0 _aBetween experience and interpretation :
_bengaging the writings of the New Testament /
_cedited by Mary F. Foskett and O. Wesley Allen, Jr.
260 _aNashville :
_bAbingdon Press,
_cc2008.
300 _axvi, 262 p. :
_bill. ;
_c23 cm.
500 _aFestschrift for Luke Timothy Johnson.
504 _a"Select bibliography of works by Luke Timothy Johnson": p. 253-262.
504 _aIncludes bibliographical references (p. 217-251).
505 0 0 _tReligious experience in the New Testament /
_rJames D. G. Dunn --
_tSpiritual sacrifices in early Christianity /
_rDaniel J. Harrington --
_t"Speaking the very words of God" : New Testament perspectives on the characteristics of Christian speech /
_rDonald Senior --
_t"For the glory of God" : theology and experience in Paul's letter to the Romans /
_rBeverly Roberts Gaventa --
_tEcstasy and Exousia : religious experience and the negotiation of social power in Paul's letter to the Galatians /
_rSze-kar wan --
_tThe Beatitudes : Jesus' recipe for happiness? /
_rCarl R. Holladay --
_tKerygma and Midrash : a conversation with Luke Timothy Johnson and C. H. Dodd /
_rRichard B. Hays --
_tJesus made real in music : La Pasion segun San Marcos and Luke Timothy Johnson's experience/interpretation model /
_rGail R. O'Day --
_t"Watch how you hear" : the healing of kophoi ("deaf-mute"] persons in Luke /
_rDennis Hamm --
_tFrom the servant in Isaiah to Jesus and the apostles in Luke-Acts to Christians today : spirit-filled witness to the ends of the Earth /
_rWilliam S. Kurz --
_tSwallowing Jonah : scripture and identity in early Christianity /
_rWayne A. Meeks.
600 1 0 _aJohnson, Luke Timothy.
_94200
630 0 0 _aBible.
_pNew Testament
_xCriticism, interpretation, etc.
_922543
700 1 _aFoskett, Mary F.,
_d1961-
_922544
700 1 _aAllen, O. Wesley,
_d1965-
_922545
700 1 _aJohnson, Luke Timothy.
_94200
900 _bTOC
942 _2lcc
_cMONOGRAPH
948 1 _a20081223
_bc
_csl13
_dMPS
999 _c124240
_d124240